000 00398nam a2200169Ia 4500
008 230524s9999 xx 000 0 und d
020 _a8120308557
082 _a4.16
_bMOM
100 _aM.Morris Mano
245 0 _aComputer System Architecture
250 _a3RD
260 _aNEW DELHI
_bPHI
_c2004
300 _aXVIII;525
500 _aQuantity Number: 122
650 _aComp-Sc
942 _cBK
999 _c6262
_d6262